00169nam a22000737a 4500020001500000100001600015245003300031260003100064 a0590101641 aMike Thaler aWuzzles: Little Word Puzzles aNew YorkbScholasticc1975